000 00716nam a2200241Ia 4500
003 OSt
005 20260401091155.0
008 210716s1991 xx 000 0 und d
020 _a9780961872670
040 _cAIMIT LIBRARY
041 _aeng
082 _a374.22
_21
_bHARE
100 _aHarwell, Ernie.
_9259924
245 _aErnie harwells diamond gems /
_cBy Ernie Harwell, Edited by Ernie Harwell.
250 _a1st ed
260 _aMichigan :
_c1991.
_bMomentum Books, Ltd ,
300 _axvi,220p. ;
_bPB
_c22 cm
650 _aFan fare
_9259925
650 _aDiamonds in the rough
_9259926
650 _aThrowing smoke
_9259927
700 _aErnie Harwell.
_9259928
942 _2ddc
_cBK
_e1st
_k374.22 HARE
999 _c206289
_d206289